[Event "XXII Festival Conca della Presolana Magistrale"]
[Site "Bratto - Castione della Presolana ITA"]
[Date "2002.08.27"]
[Round "8"]
[White "Manzoni, Alessandro"]
[Black "Rosin, Federico"]
[Result "0-1"]
[WhiteElo "2023"]
[BlackElo "2127"]
[PlyCount "62"]
[EventDate "2002.08.20"]

1.e4 c5 2.Nc3 e6 3.g3 d5 4.exd5 exd5 5.d4 cxd4 6.Qxd4 Nf6 7.Bg5 Nc6 8.Bb5 
Bd7 9.Qe3+ Be6 10.Nf3 Be7 11.Nd4 Qd7 12.f3 O-O 13.O-O-O h6 14.h4 a6 15.
Bxc6 bxc6 16.Nxe6 Qxe6 17.Bxh6 gxh6 18.Qxh6 Nd7 19.Qh5 Qg6 20.Qxg6+ fxg6 
21.f4 Bf6 22.Ne2 Rab8 23.b3 Nc5 24.h5 Ne4 25.Rh2 g5 26.Rg1 a5 27.a4 c5 28.
g4 gxf4 29.g5 Bxg5 30.Rhg2 Rf5 31.Nxf4 Kh7 0-1

[Event "XXII Festival Conca della Presolana Magistrale"]
[Site "Bratto - Castione della Presolana ITA"]
[Date "2002.08.27"]
[Round "8"]
[White "Marchand, Francois"]
[Black "Dervishi, Erald"]
[Result "0-1"]
[WhiteElo "2237"]
[BlackElo "2523"]
[PlyCount "106"]
[EventDate "2002.08.20"]

1.d4 Nf6 2.c4 e6 3.Nf3 d5 4.Nc3 Be7 5.Bg5 O-O 6.e3 Nbd7 7.Rc1 a6 8.a4 c6 
9.Bd3 dxc4 10.Bxc4 Nd5 11.Bxe7 Qxe7 12.O-O Nxc3 13.Rxc3 e5 14.Qb3 e4 15.
Nd2 Nf6 16.Qb6 Rb8 17.Nb3 Be6 18.Bxe6 Qxe6 19.Nc5 Qc8 20.Rcc1 Nd5 21.Qb3 
f5 22.a5 Kh8 23.f3 f4 24.exf4 e3 25.g3 b6 26.axb6 Rxb6 27.Qc2 Rb4 28.Ne4 
Rxd4 29.Qxc6 Qxc6 30.Rxc6 Nb4 31.Rc3 e2 32.Re1 Rd1 33.Kf2 Nd3+ 34.Rxd3 
Rxd3 35.Kxe2 Rb3 36.Ra1 Rxb2+ 37.Kd3 Ra8 38.Nc5 Rxh2 39.Rxa6 Rxa6 40.Nxa6 
Rh3 41.g4 Rxf3+ 42.Ke4 Rc3 43.Nb8 Rc7 44.Na6 Rc4+ 45.Ke5 g5 46.fxg5 Kg7 
47.Kf5 Kf7 48.g6+ hxg6+ 49.Kg5 Ke7 50.Kh6 Kf6 51.Nb8 Rxg4 52.Nd7+ Kf5 53.
Nc5 Rh4+ 0-1

[Event "XXII Festival Conca della Presolana Magistrale"]
[Site "Bratto - Castione della Presolana ITA"]
[Date "2002.08.27"]
[Round "8"]
[White "Marzano, Carlo"]
[Black "Piva, Giorgio"]
[Result "0-1"]
[WhiteElo "2258"]
[BlackElo "2135"]
[PlyCount "86"]
[EventDate "2002.08.20"]

1.d4 d5 2.Nf3 Nc6 3.Bf4 Bg4 4.e3 e6 5.Be2 Bd6 6.c3 Nge7 7.Nbd2 O-O 8.O-O 
Ng6 9.Bxd6 cxd6 10.c4 dxc4 11.Nxc4 b5 12.Ncd2 Qb6 13.h3 Bxf3 14.Nxf3 Na5 
15.Bd3 Nc4 16.Qe2 d5 17.Rac1 Rfc8 18.Rc2 Rc6 19.Ng5 Nf8 20.f4 g6 21.Nf3 
Rac8 22.g4 Nd7 23.g5 Nd6 24.Rfc1 Kg7 25.h4 h5 26.Ne5 Nxe5 27.fxe5 Rxc2 28.
Rxc2 Rxc2 29.Qxc2 Nf5 30.Bxf5 exf5 31.b4 Qe6 32.Qc5 f4 33.exf4 Qg4+ 34.Kh1
Qxh4+ 35.Kg2 Qg4+ 36.Kh1 Qf3+ 37.Kg1 Qxf4 38.Qxd5 Qxg5+ 39.Kh1 Qh4+ 40.Kg2
Qg4+ 41.Kh1 h4 42.Qxb5 Qf3+ 43.Kg1 h3 0-1

[Event "XXII Festival Conca della Presolana Magistrale"]
[Site "Bratto - Castione della Presolana ITA"]
[Date "2002.08.27"]
[Round "8"]
[White "Moncelli, Giorgio"]
[Black "Temi, Walter"]
[Result "1-0"]
[WhiteElo "2155"]
[BlackElo "2073"]
[PlyCount "49"]
[EventDate "2002.08.20"]

1.c4 Nf6 2.Nf3 g6 3.g3 c6 4.b3 Bg7 5.Bb2 O-O 6.Bg2 d6 7.d4 Qc7 8.O-O Re8 
9.Nc3 a6 10.e4 b5 11.cxb5 axb5 12.Re1 Nbd7 13.Rc1 Ba6 14.e5 b4 15.Na4 Nd5 
16.e6 fxe6 17.Ng5 Qb7 18.Nxe6 N7f6 19.h4 Bb5 20.h5 gxh5 21.Qd2 h6 22.Qc2 
Kf7 23.Qf5 Rac8 24.Be4 Nc7 25.Qg6+ 1-0

[Event "XXII Festival Conca della Presolana Magistrale"]
[Site "Bratto - Castione della Presolana ITA"]
[Date "2002.08.27"]
[Round "8"]
[White "Pagnoncelli, Marco"]
[Black "Ranieri, Fabrizio"]
[Result "1/2-1/2"]
[WhiteElo "2101"]
[BlackElo "2161"]
[PlyCount "52"]
[EventDate "2002.08.20"]

1.e4 e6 2.d4 d5 3.exd5 exd5 4.Nf3 Nc6 5.c4 Bg4 6.Be2 Nf6 7.O-O Be7 8.Nc3 
O-O 9.h3 Be6 10.cxd5 Nxd5 11.a3 Bf6 12.Ne4 h6 13.Nxf6+ Qxf6 14.Be3 Rad8 
15.Rc1 Nf4 16.Qd2 Nxe2+ 17.Qxe2 Rfe8 18.Rfd1 Bd5 19.Rd2 Rd7 20.Qd1 Qd6 21.
b4 a6 22.Rc3 Qg6 23.Nh4 Qf6 24.Qg4 Be6 25.Qg3 Rc8 26.Nf3 Bd5 1/2-1/2

[Event "XXII Festival Conca della Presolana Magistrale"]
[Site "Bratto - Castione della Presolana ITA"]
[Date "2002.08.27"]
[Round "8"]
[White "Paoli, Enrico"]
[Black "Rebeggiani, Andrea"]
[Result "0-1"]
[WhiteElo "1973"]
[BlackElo "2003"]
[PlyCount "94"]
[EventDate "2002.08.20"]

1.e4 e5 2.Nf3 Nc6 3.Bc4 Nf6 4.Nc3 Nxe4 5.Bxf7+ Kxf7 6.Nxe4 d5 7.Neg5+ Kg8 
8.h4 h6 9.Nh3 Bg4 10.d3 Qf6 11.Be3 e4 12.dxe4 d4 13.Bd2 Ne5 14.Nhg1 Rd8 
15.b3 Ba3 16.Bc1 Bb4+ 17.Bd2 Bxd2+ 18.Qxd2 Bxf3 19.gxf3 Nxf3+ 20.Nxf3 Qxf3
21.Rh2 Re8 22.Kf1 Qxe4 23.Rd1 c5 24.Re1 Qxe1+ 25.Qxe1 Rxe1+ 26.Kxe1 Kf7 
27.Kd2 Re8 28.a4 g6 29.c3 Re4 30.cxd4 Rxd4+ 31.Kc3 Kf6 32.Kc2 Kf5 33.Kc3 
Kg4 34.Kc2 Kh5 35.Rh3 Rf4 36.Re3 Rxf2+ 37.Kd3 Rf7 38.Re4 Rd7+ 39.Kc3 b6 
40.b4 Rd4 41.Re5+ Kxh4 42.bxc5 bxc5 43.a5 Rd7 44.Rxc5 g5 45.Kb4 g4 46.a6 
g3 47.Rc6 h5 0-1

[Event "XXII Festival Conca della Presolana Magistrale"]
[Site "Bratto - Castione della Presolana ITA"]
[Date "2002.08.27"]
[Round "8"]
[White "Piantoni, Roberto"]
[Black "Griffa, Roberto"]
[Result "0-1"]
[WhiteElo "2171"]
[BlackElo "2080"]
[PlyCount "68"]
[EventDate "2002.08.20"]

1.d4 d5 2.Nf3 c5 3.e3 cxd4 4.exd4 Nc6 5.Bd3 Bg4 6.c3 Nf6 7.Nbd2 e6 8.Qa4 
Bxf3 9.Nxf3 Be7 10.Ne5 Qb6 11.O-O O-O 12.f4 Bd6 13.Kh1 a6 14.Qc2 Rac8 15.
Qe2 Qc7 16.Bd2 Na5 17.Rf3 b5 18.Rh3 g6 19.g4 Nc4 20.g5 Ne4 21.Bxe4 dxe4 
22.Nxc4 bxc4 23.Qxe4 Rb8 24.Bc1 Qd7 25.Qe2 e5 26.Rh4 exd4 27.Qxc4 dxc3 28.
bxc3 Qb7+ 29.Kg1 Rbc8 30.Qd3 Rfd8 31.Qh3 Re8 32.Be3 Rxe3 33.Qxe3 Bc5 34.
Qxc5 Rxc5 0-1

[Event "XXII Festival Conca della Presolana Magistrale"]
[Site "Bratto - Castione della Presolana ITA"]
[Date "2002.08.27"]
[Round "8"]
[White "Pienabarca, Nicola"]
[Black "Bertino, Andrea"]
[Result "1/2-1/2"]
[WhiteElo "2062"]
[BlackElo "1915"]
[PlyCount "70"]
[EventDate "2002.08.20"]

1.d4 Nf6 2.c4 e6 3.Nc3 Bb4 4.Qc2 O-O 5.a3 Bxc3+ 6.Qxc3 b6 7.Bg5 Bb7 8.Nf3 
d6 9.e3 Nbd7 10.Be2 c5 11.O-O h6 12.Bh4 Rc8 13.Qb3 d5 14.Ne5 Qc7 15.Nxd7 
Qxd7 16.Bxf6 gxf6 17.Qc3 dxc4 18.dxc5 Rxc5 19.Qxf6 Rg5 20.f3 Qd2 21.Rae1 
Qxe3+ 22.Kh1 Rg6 23.Qe7 Qg5 24.Qxg5 Rxg5 25.Bxc4 Rc8 26.Bb3 Ba6 27.Rf2 Re5
28.Rd1 Be2 29.Ra1 Ba6 30.h3 Rb5 31.Ba4 Rbc5 32.Rd2 Rc1+ 33.Rxc1 Rxc1+ 34.
Kh2 Rc7 35.Bb3 Kg7 {...} 1/2-1/2

[Event "XXII Festival Conca della Presolana Magistrale"]
[Site "Bratto - Castione della Presolana ITA"]
[Date "2002.08.27"]
[Round "8"]
[White "Radice, Luca"]
[Black "Lapiccirella, Mattia"]
[Result "0-1"]
[WhiteElo "2064"]
[BlackElo "2192"]
[PlyCount "62"]
[EventDate "2002.08.20"]

1.d4 Nf6 2.c4 c5 3.d5 g6 4.Nc3 d6 5.e4 Bg7 6.Bd3 O-O 7.h3 e6 8.Nf3 exd5 9.
cxd5 Nbd7 10.O-O a6 11.a4 Nh5 12.Bg5 Bf6 13.Qd2 Ne5 14.h4 Nxf3+ 15.gxf3 
Bxg5 16.hxg5 f6 17.f4 fxg5 18.f5 Nf4 19.Ne2 Nxd3 20.Qxd3 gxf5 21.Ng3 f4 
22.Nf5 Qf6 23.Rfe1 Bd7 24.Qf3 Rae8 25.Qh5 Kh8 26.Kg2 Bxf5 27.exf5 Re5 28.
Rh1 Qxf5 29.Ra3 g4 30.Qh6 Rf6 31.Qh4 f3+ 0-1

[Event "XXII Festival Conca della Presolana Magistrale"]
[Site "Bratto - Castione della Presolana ITA"]
[Date "2002.08.27"]
[Round "8"]
[White "Salami, Marco"]
[Black "Antognini, Francesco"]
[Result "0-1"]
[WhiteElo "2206"]
[BlackElo "2094"]
[PlyCount "106"]
[EventDate "2002.08.20"]

1.e4 e6 2.d3 c5 3.g3 g6 4.Bg2 Bg7 5.Nc3 Nc6 6.Be3 d6 7.Qd2 Rb8 8.a4 Nd4 9.
Nge2 Ne7 10.Nf4 O-O 11.h4 Nec6 12.Nce2 Nxe2 13.Nxe2 Bxb2 14.Rb1 Bg7 15.Bh6
Bxh6 16.Qxh6 Qf6 17.h5 Qg7 18.Qd2 e5 19.Nc3 Be6 20.Nb5 f6 21.Nxd6 Rfd8 22.
Nb5 c4 23.Bh3 Bf7 24.h6 Qf8 25.O-O Nd4 26.Nxd4 Rxd4 27.Qb4 Qxh6 28.Qe7 
Qxh3 29.Qxf6 Qe6 30.Qg5 Kg7 31.Rb5 Qf6 32.Qe3 cxd3 33.cxd3 Rbd8 34.Rxb7 
Rxd3 35.Qe2 R3d4 36.Rxa7 Qc6 37.Qf3 R8d7 38.Rxd7 Qxd7 39.Re1 Qxa4 40.Qe3 
Qd7 41.Kg2 Rd3 42.Qg5 Qd4 43.Re2 Qd6 44.Re1 Qf6 45.Qg4 Rd2 46.Qf3 Qxf3+ 
47.Kxf3 Rd3+ 48.Kg2 Be6 49.f3 Rd2+ 50.Kg1 h5 51.f4 Kf6 52.Re3 Bc4 53.Ra3 
Re2 0-1

[Event "XXII Festival Conca della Presolana Magistrale"]
[Site "Bratto - Castione della Presolana ITA"]
[Date "2002.08.27"]
[Round "8"]
[White "Sedina, Elena"]
[Black "Del Rio Angelis, Salvador Gabriel"]
[Result "0-1"]
[WhiteElo "2416"]
[BlackElo "2504"]
[PlyCount "84"]
[EventDate "2002.08.20"]

1.e4 e6 2.d4 d5 3.Nc3 Bb4 4.exd5 exd5 5.Bd3 Nc6 6.a3 Bxc3+ 7.bxc3 Nce7 8.
Qf3 Nf6 9.h3 O-O 10.Ne2 Ne4 11.Bxe4 dxe4 12.Qxe4 Bf5 13.Qxb7 Bxc2 14.O-O 
Nd5 15.c4 Nb6 16.Qf3 Re8 17.Re1 Qd7 18.c5 Nd5 19.Bd2 Be4 20.Qg3 Re6 21.Nf4
Nxf4 22.Qxf4 Qxd4 23.Bb4 Rd8 24.Ra2 Ba8 25.Qxd4 Rxd4 26.f3 Rxb4 27.axb4 
Rxe1+ 28.Kf2 Re7 29.Rxa7 Bc6 30.Ra5 f6 31.b5 Be8 32.c6 Kf7 33.Ra7 Ke6 34.
b6 cxb6 35.c7 Bd7 36.Ra8 Kd6 37.c8=Q Bxc8 38.Rxc8 b5 39.h4 b4 40.Rb8 Kc5 
41.g4 Kc4 42.Rc8+ Kd3 0-1

[Event "XXII Festival Conca della Presolana Magistrale"]
[Site "Bratto - Castione della Presolana ITA"]
[Date "2002.08.27"]
[Round "8"]
[White "Skembris, Spyridon"]
[Black "Preiss, Martin"]
[Result "1-0"]
[WhiteElo "2431"]
[BlackElo "2265"]
[PlyCount "55"]
[EventDate "2002.08.20"]

1.d4 d5 2.c4 e6 3.Nc3 c5 4.Nf3 Nc6 5.cxd5 exd5 6.g3 Nf6 7.Bg2 Be7 8.O-O 
O-O 9.Be3 c4 10.Ne5 Re8 11.Rc1 Be6 12.Nxc4 Nxd4 13.Bxd4 dxc4 14.Bxb7 Rb8 
15.Bc6 Bd7 16.Bxf6 Bxc6 17.Qxd8 Bxd8 18.Bxd8 Rexd8 19.Rfd1 Kf8 20.Rxd8+ 
Rxd8 21.Rd1 Rb8 22.Rd2 Ke7 23.f3 g5 24.e4 h5 25.Kf2 h4 26.Ke3 hxg3 27.hxg3
Rh8 28.Rd4 1-0

[Event "XXII Festival Conca della Presolana Magistrale"]
[Site "Bratto - Castione della Presolana ITA"]
[Date "2002.08.27"]
[Round "8"]
[White "Vancini, Edoardo"]
[Black "Campanile, Antonio"]
[Result "0-1"]
[WhiteElo "2307"]
[BlackElo "2140"]
[PlyCount "116"]
[EventDate "2002.08.20"]

1.c4 e5 2.g3 Nf6 3.Bg2 Nc6 4.Nc3 d6 5.e4 Be6 6.Nd5 Nd4 7.Nf3 Nxf3+ 8.Qxf3 
c6 9.Nxf6+ Qxf6 10.Qe2 Be7 11.d3 h5 12.h4 Qg6 13.Be3 Bg4 14.f3 Bd7 15.Qf2 
d5 16.O-O-O d4 17.Bd2 c5 18.Kb1 b5 19.cxb5 Qb6 20.f4 Bxb5 21.Bf1 Ba4 22.
Re1 Rb8 23.Bc1 Qa6 24.fxe5 Bd7 25.Qc2 Be6 26.b3 Qb6 27.Bh3 O-O 28.Bxe6 
Qxe6 29.Qc4 Qxc4 30.dxc4 Rb6 31.Kc2 Ra6 32.Kb2 Re6 33.Bf4 Bd8 34.g4 hxg4 
35.Reg1 Bc7 36.Rxg4 Bxe5 37.Bxe5 Rxe5 38.Rhg1 g6 39.Rg5 Rfe8 40.Rxe5 Rxe5 
41.Rg4 Kg7 42.Kc2 f5 43.exf5 Rxf5 44.b4 d3+ 45.Kxd3 cxb4 46.Kd4 Kf6 47.c5 
Rf2 48.Kd5 a5 49.c6 Ke7 50.Re4+ Kd8 51.Kd6 Rd2+ 52.Kc5 Rxa2 53.Kb6 Rc2 54.
Rd4+ Ke7 55.Rd5 b3 56.Rxa5 Kd6 57.Rb5 Rxc6+ 58.Ka5 Rc5 0-1

[Event "XXII Festival Conca della Presolana Magistrale"]
[Site "Bratto - Castione della Presolana ITA"]
[Date "2002.08.27"]
[Round "8"]
[White "Zanellato, Lorenzo"]
[Black "Galli, Fabio"]
[Result "1/2-1/2"]
[WhiteElo "2048"]
[BlackElo "2087"]
[PlyCount "98"]
[EventDate "2002.08.20"]

1.d4 d5 2.c4 c6 3.Nf3 Nf6 4.Nc3 e6 5.e3 dxc4 6.Bxc4 b5 7.Bd3 Bb7 8.O-O a6 
9.e4 Be7 10.e5 Nd5 11.Ne4 Nd7 12.Bg5 O-O 13.Bxe7 Qxe7 14.Rc1 Rab8 15.Bb1 
f5 16.Nd6 Ba8 17.Qd2 Qd8 18.Ng5 Nc7 19.a3 h6 20.Nh3 Nd5 21.Ba2 N7b6 22.Nf4
Qg5 23.g3 h5 24.h4 Qh6 25.Rc2 Kh7 26.Nh3 Qg6 27.Ng5+ Kh8 28.f4 Nc8 29.Nxc8
Rfxc8 30.Bxd5 exd5 31.b4 Rc7 32.Re1 Bb7 33.Qe2 Re8 34.Qf3 Bc8 35.Rec1 Bb7 
36.Re2 Ree7 37.e6 Bc8 38.Rec2 Bb7 39.Nf7+ Kg8 40.Ng5 Qe8 41.Re1 Bc8 42.
Rce2 g6 43.Re5 Kg7 44.R5e2 Kg8 45.Qe3 Qf8 46.Qe5 Qg7 47.Qxg7+ Kxg7 48.Rc1 
Kf6 49.Rec2 Bb7 1/2-1/2

[Event "XXII Festival Conca della Presolana Magistrale"]
[Site "Bratto - Castione della Presolana ITA"]
[Date "2002.08.27"]
[Round "8"]
[White "Zichichi, Alvise"]
[Black "Scotti, Umberto"]
[Result "1-0"]
[WhiteElo "2312"]
[BlackElo "2166"]
[PlyCount "45"]
[EventDate "2002.08.20"]

1.d4 e6 2.Nf3 f5 3.d5 exd5 4.Qxd5 Nf6 5.Qxf5 d5 6.Qg5 Nc6 7.e3 Bd6 8.a3 
O-O 9.c4 Bg4 10.Nc3 Bxf3 11.gxf3 Ne5 12.Be2 dxc4 13.Bd2 Qe7 14.Rg1 a6 15.
f4 Nd3+ 16.Bxd3 cxd3 17.Nd5 Nxd5 18.Qxd5+ Kh8 19.Bc3 Rf7 20.O-O-O Qe8 21.
Qxd3 Bf8 22.Rg5 c5 23.Rh5 1-0

[Event "XXII Festival Conca della Presolana Magistrale"]
[Site "Bratto - Castione della Presolana ITA"]
[Date "2002.08.28"]
[Round "9"]
[White "Astengo, Corrado"]
[Black "Drabke, Lorenz Maximilian"]
[Result "0-1"]
[WhiteElo "2195"]
[BlackElo "2362"]
[PlyCount "124"]
[EventDate "2002.08.20"]

1.e4 c5 2.Nf3 e6 3.d4 cxd4 4.Nxd4 a6 5.Nc3 b5 6.Bd3 Qb6 7.Nf3 Nc6 8.Be3 
Qc7 9.O-O Nf6 10.Qd2 Bb7 11.Rfe1 d6 12.a3 Be7 13.Bf4 O-O 14.Bg3 Nh5 15.Bh4
Ne5 16.Nxe5 Bxh4 17.Ng4 Qc6 18.Qe3 Bd8 19.Nh6+ Kh8 20.Qf3 Nf6 21.Ng4 Nxg4 
22.Qxg4 Bf6 23.Nd1 g6 24.h4 h5 25.Qf4 Kg7 26.Re3 Be5 27.Qf3 Rae8 28.c3 f5 
29.Re1 Qb6 30.Qe2 f4 31.a4 Qd8 32.f3 bxa4 33.Rxa4 a5 34.Bb5 Re7 35.Bd3 
Ref7 36.Qf2 Bf6 37.Qe2 Bxh4 38.Rf1 Bg3 39.Nf2 Qh4 40.Nh3 Bc8 41.e5 d5 42.
Bc2 Qd8 43.Qd3 Rf5 44.Ra3 g5 45.Qe2 Qb6+ 46.Kh1 g4 47.Nf2 Rg5 48.Qd3 Rh8 
49.Rb3 Qa7 50.Qd4 Qxd4 51.cxd4 Bxf2 52.Rxf2 g3 53.Rd2 h4 54.Rc3 Kh6 55.Rc6
Rh5 56.Kg1 h3 57.gxh3 Rxh3 58.Rc7 Ba6 59.Re7 Rh5 60.Bb1 Bf1 61.Rc2 Bd3 62.
Rxe6+ Kg5 0-1

[Event "XXII Festival Conca della Presolana Magistrale"]
[Site "Bratto - Castione della Presolana ITA"]
[Date "2002.08.28"]
[Round "9"]
[White "Astengo, Marcello"]
[Black "Tirrito, Luca"]
[Result "1-0"]
[WhiteElo "2124"]
[BlackElo "2081"]
[PlyCount "89"]
[EventDate "2002.08.20"]

1.d4 Nf6 2.c4 e6 3.Nc3 Bb4 4.Bd2 O-O 5.Qc2 b6 6.a3 Bxc3 7.Bxc3 Bb7 8.Nf3 
d6 9.b4 Nbd7 10.e3 Ne4 11.Bb2 f5 12.Be2 c5 13.O-O g5 14.Rad1 g4 15.Nd2 Qg5
16.dxc5 bxc5 17.Nxe4 Bxe4 18.Qc3 d5 19.cxd5 exd5 20.Bb5 Nf6 21.bxc5 a6 22.
Be2 Bf3 23.Rfe1 h6 24.Qe5 Rae8 25.Qd6 Ne4 26.Qxd5+ Kh7 27.Qb7+ Re7 28.Qxa6
Nxc5 29.Qb6 Ne4 30.Qb5 Rff7 31.Rd8 Nf6 32.Qb8 Ng8 33.Rxg8 Qxg8 34.Qxg8+ 
Kxg8 35.gxf3 Rf8 36.fxg4 Rb7 37.Bd4 f4 38.Rc1 Rd8 39.Rc6 Kh7 40.Bd3+ Kg8 
41.Rxh6 Rdd7 42.Bc4+ Kf8 43.Rf6+ Ke7 44.Rxf4 Rb1+ 45.Kg2 1-0

[Event "XXII Festival Conca della Presolana Magistrale"]
[Site "Bratto - Castione della Presolana ITA"]
[Date "2002.08.28"]
[Round "9"]
[White "Barlocco, Carlo"]
[Black "Marzano, Carlo"]
[Result "0-1"]
[WhiteElo "2136"]
[BlackElo "2258"]
[PlyCount "69"]
[EventDate "2002.08.20"]

1.d4 Nc6 2.Nf3 d6 3.e4 Nf6 4.Nc3 Bg4 5.Bb5 a6 6.Bxc6+ bxc6 7.h3 Bh5 8.Qe2 
e6 9.Bg5 Be7 10.O-O-O O-O 11.Qc4 Qd7 12.g4 Bg6 13.Nd2 Rfd8 14.Qa4 h6 15.
Bxf6 Bxf6 16.f4 d5 17.e5 Be7 18.Qa5 c5 19.dxc5 Qc6 20.Nb3 d4 21.Ne2 d3 22.
cxd3 Rxd3 23.f5 exf5 24.Ned4 Qe4 25.Rxd3 Qxd3 26.Nxf5 Bg5+ 27.Nd2 Bxf5 28.
gxf5 Qxf5 29.Rd1 Qxe5 30.Kb1 Rd8 31.Qxa6 Qf5+ 32.Ka1 Qc2 33.Qf1 Bf6 34.Rb1
Rxd2 35.Qb5 0-1

[Event "XXII Festival Conca della Presolana Magistrale"]
[Site "Bratto - Castione della Presolana ITA"]
[Date "2002.08.28"]
[Round "9"]
[White "Bellincampi, Stefano"]
[Black "Paoli, Enrico"]
[Result "1/2-1/2"]
[WhiteElo "2082"]
[BlackElo "1973"]
[PlyCount "81"]
[EventDate "2002.08.20"]

1.e4 e5 2.Nf3 Nf6 3.Nxe5 d6 4.Nf3 Nxe4 5.Bd3 Nc5 6.Be2 Be7 7.O-O O-O 8.d4 
Ncd7 9.Bd3 Nf6 10.h3 Nbd7 11.Re1 Re8 12.Nbd2 Nf8 13.Nf1 Ng6 14.Ng3 Bd7 15.
c4 c6 16.Bg5 Nf8 17.Nf5 Bxf5 18.Bxf5 h6 19.Bd2 N6h7 20.h4 Qc7 21.Qc2 Bf6 
22.Bf4 c5 23.d5 g6 24.Bd3 Bg7 25.Qd2 Qb6 26.Rab1 h5 27.b3 a5 28.Rxe8 Rxe8 
29.Re1 Rxe1+ 30.Qxe1 Qd8 31.g3 b6 32.Kg2 Qd7 33.Qe2 f6 34.Qe3 Kf7 35.Nd2 
f5 36.Nf3 Qe7 37.Ng5+ Nxg5 38.Bxg5 Qxe3 39.fxe3 Bf6 40.Bf4 Be7 41.e4 
1/2-1/2

[Event "XXII Festival Conca della Presolana Magistrale"]
[Site "Bratto - Castione della Presolana ITA"]
[Date "2002.08.28"]
[Round "9"]
[White "Belotti, Bruno"]
[Black "Cebalo, Miso"]
[Result "0-1"]
[WhiteElo "2430"]
[BlackElo "2548"]
[PlyCount "70"]
[EventDate "2002.08.20"]

1.d4 Nf6 2.Nf3 c5 3.d5 e6 4.Nc3 d6 5.e4 exd5 6.Nxd5 Nxd5 7.Qxd5 Be7 8.Bf4 
Nc6 9.Bc4 O-O 10.O-O Be6 11.Qd3 Nb4 12.Qb3 Bxc4 13.Qxc4 d5 14.exd5 Qxd5 
15.Qxd5 Nxd5 16.Bg3 Nb4 17.c3 Nd3 18.Ne5 Nxb2 19.Rab1 Na4 20.Rxb7 Rfe8 21.
Rb3 Bf8 22.Nd7 c4 23.Rb7 Nxc3 24.Nxf8 Kxf8 25.Bd6+ Kg8 26.Ra1 Rad8 27.Be7 
Rd2 28.Kf1 h6 29.Rxa7 Nd5 30.Bc5 c3 31.Re1 Rc8 32.Ra5 c2 33.Ba3 Rd1 34.
Rxd5 Rxd5 35.Rc1 Rd1+ 0-1

[Event "XXII Festival Conca della Presolana Magistrale"]
[Site "Bratto - Castione della Presolana ITA"]
[Date "2002.08.28"]
[Round "9"]
[White "Berni, Fabrizio"]
[Black "Salami, Marco"]
[Result "1/2-1/2"]
[WhiteElo "2116"]
[BlackElo "2206"]
[PlyCount "37"]
[EventDate "2002.08.20"]

1.e4 e6 2.d4 d5 3.exd5 exd5 4.Nf3 Bg4 5.Be2 Nf6 6.Bf4 Bd6 7.Bxd6 Qxd6 8.c3
Nbd7 9.O-O O-O 10.Nbd2 Rfe8 11.h3 Bh5 12.Re1 Qf4 13.Qc2 Ne4 14.Rad1 Ndf6 
15.Nxe4 Rxe4 16.Ne5 Bxe2 17.Rxe2 Rxe2 18.Qxe2 c6 19.Rd3 1/2-1/2

[Event "XXII Festival Conca della Presolana Magistrale"]
[Site "Bratto - Castione della Presolana ITA"]
[Date "2002.08.28"]
[Round "9"]
[White "Bertazzo, Giorgio"]
[Black "Ricci, Alfredo"]
[Result "0-1"]
[WhiteElo "2158"]
[BlackElo "2067"]
[PlyCount "90"]
[EventDate "2002.08.20"]

1.e4 c5 2.Nf3 e6 3.d4 cxd4 4.Nxd4 a6 5.Nc3 Qc7 6.Be2 Nf6 7.O-O d6 8.Be3 b5
9.a3 Bb7 10.Bd3 Nbd7 11.f4 Be7 12.Qf3 h5 13.Kh1 h4 14.Rae1 Nb6 15.Nd1 
O-O-O 16.Nf2 Kb8 17.b3 g6 18.Kg1 Nh5 19.Qe2 e5 20.fxe5 dxe5 21.Nf3 Nf4 22.
Qd2 f6 23.Qa5 Bc5 24.Bxc5 Qxc5 25.Qb4 Qc6 26.a4 bxa4 27.bxa4 Nxa4 28.Ra1 
Nc5 29.Ra5 Rc8 30.Rfa1 Ka7 31.Bb5 Qb6 32.Nd2 Kb8 33.Nc4 Qe6 34.Rxa6 Nxa6 
35.Rxa6 Bxa6 36.Bxa6+ Kc7 37.Qa5+ Kd7 38.Nb6+ Ke7 39.Qb4+ Kf7 40.Nxc8 Qxa6
41.Qe7+ Kg8 42.Qd8+ Kg7 43.Qd7+ Kh6 44.Ng4+ Kg5 45.Nd6 Qb6+ 0-1

[Event "XXII Festival Conca della Presolana Magistrale"]
[Site "Bratto - Castione della Presolana ITA"]
[Date "2002.08.28"]
[Round "9"]
[White "Bertino, Andrea"]
[Black "Capece, Adolivio"]
[Result "1/2-1/2"]
[WhiteElo "1915"]
[BlackElo "2067"]
[PlyCount "46"]
[EventDate "2002.08.20"]

1.d4 Nf6 2.c4 c5 3.d5 b5 4.Nf3 e6 5.Bg5 Qa5+ 6.Nc3 Ne4 7.Bd2 Nxc3 8.Bxc3 
b4 9.Bd2 Qc7 10.e4 e5 11.Bd3 Be7 12.O-O a5 13.Ne1 d6 14.h3 Ra6 15.Qf3 Nd7 
16.Nc2 O-O 17.g4 Nb6 18.Be2 Ra7 19.Qg3 Bd7 20.Qh2 Rb8 21.f4 Na4 22.b3 Nc3 
23.Bd3 a4 1/2-1/2

[Event "XXII Festival Conca della Presolana Magistrale"]
[Site "Bratto - Castione della Presolana ITA"]
[Date "2002.08.28"]
[Round "9"]
[White "Brancaleoni, Maurizio"]
[Black "Antognini, Francesco"]
[Result "1-0"]
[WhiteElo "2249"]
[BlackElo "2094"]
[PlyCount "121"]
[EventDate "2002.08.20"]

1.d4 Nf6 2.c4 e6 3.Nf3 b6 4.g3 Ba6 5.Nbd2 c5 6.Bg2 Bb7 7.e4 Nxe4 8.Ne5 d5 
9.Qa4+ Nd7 10.Nxe4 dxe4 11.dxc5 Bxc5 12.Bg5 f6 13.O-O-O Qc8 14.Qxd7+ Qxd7 
15.Nxd7 fxg5 16.Nxc5 bxc5 17.Rhe1 Rd8 18.Bxe4 Bxe4 19.Rxe4 Rxd1+ 20.Kxd1 
Rf8 21.Rxe6+ Kd7 22.Re2 Kd6 23.Rd2+ Kc6 24.Ke2 Re8+ 25.Kf1 Re4 26.b3 Re7 
27.Rd5 h6 28.Rd3 Rf7 29.Ke2 a5 30.Re3 Kd6 31.Rd3+ Kc6 32.Re3 Kd6 33.Re8 
Ra7 34.Rd8+ Kc6 35.Rc8+ Kd6 36.Rb8 a4 37.Rb6+ Ke5 38.Ke3 axb3 39.axb3 Rc7 
40.h3 Kf5 41.Rb5 Ke6 42.Ke4 Rc6 43.Rb7 g6 44.Rb8 Ra6 45.Rb7 Rc6 46.b4 cxb4
47.Rxb4 Kd6 48.Kd4 Kc7 49.c5 Rf6 50.Rb2 Rf3 51.Ke4 Rc3 52.Rb6 Rxc5 53.Rxg6
h5 54.Rf6 Kd7 55.Rf5 Rc4+ 56.Ke5 g4 57.hxg4 hxg4 58.Rf4 Rc2 59.Kf5 Ke7 60.
Kxg4 Ra2 61.Kg5 1-0

[Event "XXII Festival Conca della Presolana Magistrale"]
[Site "Bratto - Castione della Presolana ITA"]
[Date "2002.08.28"]
[Round "9"]
[White "Campanile, Antonio"]
[Black "Bresciani, Nicola"]
[Result "0-1"]
[WhiteElo "2140"]
[BlackElo "2270"]
[PlyCount "75"]
[EventDate "2002.08.20"]

1.c4 Nf6 2.Nf3 b6 3.g3 c5 4.Bg2 Bb7 5.O-O e6 6.d3 Be7 7.e4 d6 8.Nc3 a6 9.
Ng5 Qc7 10.f4 h6 11.Nh3 Nc6 12.a3 Nd4 13.Be3 Nd7 14.Rc1 O-O 15.g4 g6 16.
Qe1 Bf6 17.Kh1 Bg7 18.Qg3 f5 19.Nf2 Nf6 20.h3 Kh7 21.Qh4 Ng8 22.Rg1 Qe7 
23.Qg3 Qf7 24.exf5 gxf5 25.Bxb7 Qxb7+ 26.Rg2 Ne7 27.Bxd4 Bxd4 28.g5 Rg8 
29.h4 hxg5 30.hxg5 Kg7 31.Kg1 Rh8 32.Kf1 Ng6 33.Ke2 Rae8 34.Kd2 Nh4 35.
Rcg1 Nxg2 36.Rxg2 Rh5 37.Kc2 Reh8 38.Ne2 0-1

[Event "XXII Festival Conca della Presolana Magistrale"]
[Site "Bratto - Castione della Presolana ITA"]
[Date "2002.08.28"]
[Round "9"]
[White "Citti, Gianluca"]
[Black "Bonanno, Alessandro"]
[Result "1/2-1/2"]
[WhiteElo "2157"]
[BlackElo "2094"]
[PlyCount "21"]
[EventDate "2002.08.20"]

1.e4 c5 2.Nc3 Nc6 3.g3 g6 4.Bg2 Bg7 5.d3 e6 6.Be3 Nd4 7.Nce2 Ne7 8.c3 Nxe2
9.Nxe2 Qa5 10.O-O O-O 11.d4 1/2-1/2

[Event "XXII Festival Conca della Presolana Magistrale"]
[Site "Bratto - Castione della Presolana ITA"]
[Date "2002.08.28"]
[Round "9"]
[White "Dervishi, Erald"]
[Black "Castaldo, Folco"]
[Result "1-0"]
[WhiteElo "2523"]
[BlackElo "2319"]
[PlyCount "101"]
[EventDate "2002.08.20"]

1.e4 e6 2.d4 d5 3.Nd2 dxe4 4.Nxe4 Nd7 5.g3 Ngf6 6.Nxf6+ Nxf6 7.Bg2 e5 8.
Qe2 Qxd4 9.Nf3 Qe4 10.Qxe4 Nxe4 11.Nxe5 Nd6 12.O-O Bf5 13.Bf4 O-O-O 14.c3 
Be7 15.Rad1 Be6 16.Rfe1 Rhe8 17.Nf3 h6 18.Nd4 Bg4 19.f3 Bd7 20.Bf1 Nf5 21.
Nb3 Bd6 22.Bxd6 Nxd6 23.Nc5 Bf5 24.Rxe8 Rxe8 25.Kf2 Re5 26.Nb3 Bd7 27.Nd4 
Nf5 28.Nc2 Be6 29.c4 Nd6 30.Rd4 Nf5 31.Rd2 Nd6 32.b3 Bf5 33.Ne3 Bd7 34.b4 
Re7 35.c5 Ne8 36.Nd5 Re5 37.f4 Re4 38.Bg2 Rc4 39.Ne7+ Kd8 40.c6 bxc6 41.
Nxc6+ Kc8 42.Ne5 Nd6 43.Nxc4 Nxc4 44.Rc2 Nd6 45.Bc6 Be6 46.a4 Nf5 47.Rc5 
Ne7 48.Be4 Bd7 49.Re5 Kd8 50.Ra5 Nc8 51.Bf5 1-0